New construction orders (Record no. 79071)

MARC details
000 -LEADER
fixed length control field 01137cad a22002175a 4500
001 - CONTROL NUMBER
control field L139726
008 - FIXED-LENGTH DATA ELEMENTS--GENERAL INFORMATION
fixed length control field 070806e20070802xxk f s f000 0 eng d
035 ## - SYSTEM CONTROL NUMBER
System control number (Sirsi) u139726
041 0# - LANGUAGE CODE
Language code of text/sound track or separate title eng
110 1# - MAIN ENTRY--CORPORATE NAME
Corporate name or jurisdiction name as entry element United Kingdom
Subordinate unit Department for Business, Enterprise and Regulatory Reform
9 (RLIN) 5262
245 00 - TITLE STATEMENT
Title New construction orders
Remainder of title June 2007
Medium [electronic resource]
260 ## - PUBLICATION, DISTRIBUTION, ETC.
Date of publication, distribution, etc. 2007
490 ## - SERIES STATEMENT
Series statement National Statistics News Release
Volume/sequential designation (URN 07/395f) 2 August 2007
520 ## - SUMMARY, ETC.
Summary, etc. In the 12 months to June 2007, orders increased by 3% compared with the previous 12 months, and in the second quarter of 2007, orders increased by 3% compared to the same period in 2006. Orders in the second quarter of 2007 increased by 5% compared to the first quarter of 2007, boosted by rises in private commercial, public non-housing and private housing orders.
590 ## - LOCAL NOTE (RLIN)
Local note KA
650 24 - SUBJECT ADDED ENTRY--TOPICAL TERM
Topical term or geographic name entry element DBERR NEW CONSTRUCTION ORDERS
651 #4 - SUBJECT ADDED ENTRY--GEOGRAPHIC NAME
Geographic name Great Britain
Chronological subdivision 1707-
690 ## - LOCAL SUBJECT ADDED ENTRY--TOPICAL TERM (OCLC, RLIN)
Topical term or geographic name as entry element BUILT ENVIRONMENT-CONSTRUCTION MARKET
856 40 - ELECTRONIC LOCATION AND ACCESS
Uniform Resource Identifier <a href="https://stats.bis.gov.uk/construction/neworders/index.asp">https://stats.bis.gov.uk/construction/neworders/index.asp</a>
Public note View the item free of charge at http://stats.bis.gov.uk
942 ## - ADDED ENTRY ELEMENTS (KOHA)
Suppress in OPAC 0
Holdings
Withdrawn status Lost status Source of classification or shelving scheme Damaged status Not for loan Home library Current library Shelving location Date acquired Total Checkouts Full call number Barcode Date last seen Copy number Price effective from Koha item type
    Dewey Decimal Classification     Virtual Virtual Online 06/08/2007   ONLINE PUBLICATION 139726-2001 06/08/2019 1 06/08/2019 Journal article